Movies Cut Off At 'D' Quiz Stats

 Plays Quiz Updated Feb 22, 2019

     
Support Sporcle.
Go Orange.
Score 0/30 Timer 05:00
2 Plays Today
Cut Off at D Movie Title % Correct
SLUMDOG MILLIONAIRE
96.5%
A FEW GOOD MEN
94.9%
BLACK HAWKDOWN
91.7%
IT'S A WONDERFUL LIFE
88.6%
EYES WIDE SHUT
88.4%
NAPOLEONDYNAMITE
88.4%
RESERVOIRDOGS
87.4%
EAST OF EDEN
86.6%
HIGH FIDELITY
85.5%
THE STEPFORD WIVES
79.2%
TIME BANDITS
73.5%
THE KING OF COMEDY
65.9%
YANKEEDOODLE DANDY
64%
HELLO,DOLLY!
63.1%
BULLDURHAM
62.5%
Cut Off at D Movie Title % Correct
(500)DAYS OF SUMMER
57.8%
THE THIEF OF BAGDAD
56.1%
REEFER MADNESS
54.2%
42ND STREET
53.6%
FOR A FEWDOLLARS MORE
48.3%
THE PIT AND THE PENDULUM
47.7%
WHERE EAGLESDARE
45.9%
BE KIND REWIND
42.3%
THE 6THDAY
41%
HIGH PLAINSDRIFTER
40.6%
RUN SILENT, RUNDEEP
38.2%
A SCANNERDARKLY
34.3%
MY MAN GODFREY
32.3%
KISS MEDEADLY
27.6%
ANGELS WITHDIRTY FACES
17.9%

From the Vault

Top 25 Cities of Indonesia on a Map

by SpanishSpy

Sorry number 26. We had to draw the line somewhere.
Remove Ads.
Support Sporcle.
Get the best of Sporcle when you Go Orange. This ad-free experience offers more features, more stats, and more fun while also helping to support Sporcle. Thank you for becoming a member.

Show Comments

Extras

Top Quizzes Today


Score Distribution

Your Account Isn't Verified!

In order to create a playlist on Sporcle, you need to verify the email address you used during registration. Go to your Sporcle Settings to finish the process.

Report this User

Report this user for behavior that violates our Community Guidelines.

Details: